000 00459nam a2200181Ia 4500
001 1996
005 20260306143810.0
008 260306t2011||||xx |||||||||||||| ||spa||
041 _aESP
082 _a610.072
_bC32
100 _aCastilla Serna, Luis
_eAUT
245 0 _aManual Práctico de estadística para las ciencias de la salud
260 _c2011
300 _a167 páginas :
_c27 cm.
650 _aGEN
654 _aCPS
942 _cLIB
_dJUS
_fJUS
_2ddc
_n
999 _c1996
_d1996